| 000 | 01755nam a2200349 i 4500 | ||
|---|---|---|---|
| 001 | 768714001 | ||
| 003 | CO-MdFUSB | ||
| 005 | 20260407102812.0 | ||
| 007 | ta | ||
| 008 | 250925t1980 ve |||g |||| 00| 0 spa d | ||
| 040 |
_aCO-MdFUSB _bspa _cCO-MdFUSB _dCO-MdFUSBC _erda |
||
| 041 | _aspa | ||
| 082 |
_223 _a239 _bM267 |
||
| 100 |
_aManzanares, José del Carmen, _eautor |
||
| 245 |
_aRespuestas a las sectas protestantes _c/ José del C. Manzanares |
||
| 250 | _aquinta edición | ||
| 264 | 1 |
_aCaracas, Venezuela : _bEdiciones Paulinas, _c[1980] |
|
| 264 | 4 | _c©1980 | |
| 300 |
_a144 páginas _c; 14 cm |
||
| 336 |
_2rdacontent _atexto _btxt |
||
| 337 |
_2rdamedia _asin mediación _bn |
||
| 338 |
_2rdacarrier _avolumen _bnc |
||
| 505 | _aRegla de fe -- La justificación -- ¿Qué es el protestantismo? -- La Iglesia y el Papa -- La Iglesia católica es la única -- Apostólica -- La Virgen María -- Los santos -- Culto a las imágenes -- El purgatorio -- El bautismo de los niños -- La comunión, pan del alma -- La Santa Misa -- La confesión -- El sacerdocio -- Los Testigos de Jehová -- Sus fundadores -- Sus creencias -- Ideas de los Testigos de Jehová acerca del infierno y de la resurrección de los muertos -- Los Testigos de Jehová y la patria -- Otros errores de los Testigos de Jehová -- Adventismo del Séptimo Día (I) -- Adventismo del Séptimo Día (II) -- ¿Puede un cristiano ser mormón? -- Los pentecostales. | ||
| 563 | _arústico | ||
| 653 | _aApologética cristiana | ||
| 653 | _aProtestantismo — Crítica e interpretación | ||
| 653 | _aSectas — Crítica e interpretación | ||
| 653 | _aIglesia católica — Doctrinas | ||
| 942 | _cBK | ||
| 945 | _aEstudiante Juan Eusse | ||
| 999 |
_c71468 _d71468 |
||